000 00559nam a22001817a 4500
005 20251108171001.0
008 250721s2000 xx 000 0 ara d
020 _a2844095607
082 1 4 _aط/612.3/كل
245 1 0 _aكل شيء عن الجهاز الهضمي /
264 1 _aبيروت :
_bالدار العربية للعلوم،
_c2000.
300 _a31ص. : مص
490 0 _aتعرف إلى جسمك : كل شيء عن
650 1 7 _aجهاز الهضم
653 _a(سنة 14-10) ناشئون صغار
942 _2ddc
_cBK
999 _c53672
_d53672